Agile software development : (Record no. 174819)

000 -LEADER
fixed length control field 01654 a2200193 4500
003 - CONTROL NUMBER IDENTIFIER
control field Nust
005 - DATE AND TIME OF LATEST TRANSACTION
control field 20230901085413.0
010 ## - LIBRARY OF CONGRESS CONTROL NUMBER
LC control number 2004057408
020 ## - INTERNATIONAL STANDARD BOOK NUMBER
International Standard Book Number 1580538428 (alk. paper)
040 ## - CATALOGING SOURCE
Transcribing agency Nust
082 00 - DEWEY DECIMAL CLASSIFICATION NUMBER
Classification number 005.1,KOC
100 1# - MAIN ENTRY--PERSONAL NAME
Personal name Koch, Alan S.
9 (RLIN) 94555
245 10 - TITLE STATEMENT
Title Agile software development :
Remainder of title evaluating the methods for your organization /
Statement of responsibility, etc. Alan S. Koch.
260 ## - PUBLICATION, DISTRIBUTION, ETC.
Place of publication, distribution, etc. Boston, MA :
Name of publisher, distributor, etc. Artech House,
Date of publication, distribution, etc. c2005.
300 ## - PHYSICAL DESCRIPTION
Extent xxviii, 272 p. :
Other physical details ill. ;
Dimensions 26 cm.
505 ## - FORMATTED CONTENTS NOTE
Formatted contents note Introducing the agile Methods (Page-3), Considering your organization Culture (Page-9), .Considering Your Customers (Page-15), Considering your Projects (Page-21), Considering your Tools and Processes (Page-29), Considering Your Staff (Page-37), Using This Book to Make Your Adoption Decisions (Page-43), About People, Processes, and Tools (Page-53), Motivated individuals and Self-Organizing Teams (Page-61), Face-to-Face Communication (Page-71), Sustainable (Page-83), The Unstated Principe: appropriate Processes and Tools (Page-89), The Role of Documentation in a Software Project (Page-101, Incremental Delivery of Working Software (Page-105), Defining the Customer Relationship (Page-121), Daily Collaboration of All Stakeholders (Page-127), Understanding Change in Software Projects (Page-141), Welcome Changing Requirements (Page-147), Maintaining the Process (Page-161), Technical Excellence (Page-165), Simplicity (Page-177), Retrospectives (Page-183), Making the Adoption Decision (Page-191), Adopting New Practices (Page-209), Evaluating the Effects of Your Agile Method (Page-217).
650 #0 - SUBJECT ADDED ENTRY--TOPICAL TERM
Topical term or geographic name entry element Agile software development.
9 (RLIN) 94556
942 ## - ADDED ENTRY ELEMENTS (KOHA)
Koha item type Reference
Source of classification or shelving scheme
Holdings
Withdrawn status Lost status Source of classification or shelving scheme Damaged status Not for loan Permanent Location Current Location Shelving location Date acquired Total Checkouts Full call number Barcode Date last seen Date last checked out Price effective from Koha item type Public note
          Military College of Signals (MCS) Military College of Signals (MCS) Reference 12/12/2016 1 005.1,KOC MCS31046 08/31/2023 07/05/2023 12/12/2016 Reference Almirah No.17, Shelf No.5
© 2023 Central Library, National University of Sciences and Technology. All Rights Reserved.